000 00506nam a22001817a 4500
003 NUST - PNEC
005 20170116181206.0
008 161122b xxu||||| |||| 00| 0 eng d
020 _a978969988103
040 _cPNEC
082 _a320.09176 ASD
100 _91338
_aAsad Muhammad
245 _aThe principles of state and government in Islam
_bMuhammad Asad
260 _aLahore, Pakistan
_bPeace publication
_cc.2015
300 _a107p:
_bill
_c22 cm
650 _xIslam and state
942 _2ddc
_cBK
999 _c71661
_d71661